| LEADER |
00863nam0a2200217 450 |
| 001 |
16864991 |
| 010 |
|
|
|a 978-2-38387-092-0
|b rel.
|d 8,9
|
| 100 |
|
|
|a 20250321d2026 u u0frey01 ba
|
| 101 |
0 |
|
|a fre
|
| 102 |
|
|
|a FR
|
| 200 |
0 |
|
|a Crocus et l'école
|f Sophie Guerrive
|
| 207 |
|
1 |
|a
|
| 210 |
|
|
|a [Strasbourg]
|c Editions 2024
|d impr. 2024
|
| 215 |
|
|
|a 1 vol. (non paginé [24] p.)
|c ill. en coul.
|d 12 cm
|
| 225 |
1 |
|
|a Crocus
|v 4048
|
| 300 |
|
|
|a Livre cartonné - Petite enfance
|
| 330 |
|
|
|a Crocus, il est lheure de se lever ! La vie dun petit enfant nest pas de tout repos... ni celle de sa maman dailleurs et, parfois, elle ne sait plus trop où donner de la tête !
|
| 700 |
|
0 |
|a Guerrive
|b Sophie
|f 1983-....
|4 70
|
| 900 |
|
|
|a Album
|
| 901 |
|
|
|a Jeunesse
|
| 995 |
|
|
|a Médiathèque
|c Médiathèque
|f 089021014
|h 089021014
|k A GUE BB
|o p
|q j
|r az
|e Médiathèque
|